| 000 | 00000nas##2200000za#4500 |
| 001 | 9.514807 |
| 003 | CaOODSP |
| 005 | 20200325130612 |
| 007 | ta |
| 008 | 150406c1998||||xxc|| m #||||f| |0eng|d |
| 040 | |aCaOODSP|beng |
| 043 | |an-cn--- |
| 086 | 1 |aNE22-1-3E |
| 110 | 1 |aCanada. |bNational Energy Board. |
| 245 | 10|aKey documents related to the Board's decision on the framework for light-handed regulation in the matter of |
| 260 | |aCalgary - Alberta : |bNational Energy Board |
| 563 | |aSoftcover |
| 775 | 08|tPrincipaux documents liés à la décision de l'Office concernant le Cadre de réglementation assoupli relativement à |w(CaOODSP)9.513161 |